| 000 | 01084cam a2200361 a 4500 | ||
|---|---|---|---|
| 001 | 4593 | ||
| 003 | FISKH | ||
| 005 | 20240917143143.0 | ||
| 008 | 040720s2005 nyua b 000 1 eng | ||
| 010 | _a 2004016958 | ||
| 020 | _a1575651467 (pbk. : alk. paper) | ||
| 020 | _a9781575651460 | ||
| 040 |
_aDLC _cDLC _dDLC _beng |
||
| 050 | _aPZ7.A3217 | ||
| 082 | _a790 | ||
| 100 | 1 | _aAlberto, Daisy. | |
| 245 | 1 | 0 |
_aNo rules for Rex! / _cby Daisy Alberto ; illustrated by Jerry Smath. |
| 260 |
_aNew York : _bKane Press, _c2005. |
||
| 300 |
_a32 pages : _bcolor illustrations ; _c23 cm |
||
| 440 | 0 | _aSocial studies connects | |
| 500 | _a"Civics/rules & laws." | ||
| 505 | _aN | ||
| 520 | _aRex convinces his family to try a whole weekend without rules. | ||
| 521 |
_a560
_bLexile AD |
||
| 521 |
_aN
_bRaz-Plus |
||
| 650 | 1 |
_aBehavior _vFiction. |
|
| 650 | 1 |
_aRules _vFiction. |
|
| 650 | 1 |
_aFamily life _vFiction. |
|
| 700 | 1 |
_aSmath, Jerry, _eillustrator |
|
| 906 |
_a7 _bcbc _corignew _d1 _eecip _f20 _gy-gencatlg |
||
| 942 |
_2ddc _cBK _n0 |
||
| 999 |
_c4593 _d4593 |
||